000
00287nam a22001217a 4500
008
180129b xxu||||| |||| 00| 0 eng d
041
_a
eng
080
_2
5th
_a
37
100
_a
47
101
_a
EDU
245
_a
Warriner's english grammar and composition
_c
Wrriner,J.E
942
_2
udc
_c
BK
999
_c
41178
_d
41178